000 00682nam a2200181 a 4500
008 120416s1995 ||||||||||||||||| || u
020 _a0750622296
050 _aQA 76.8.I12 Hea
100 _aHeath, Steve
245 1 4 _aThe PC and MAC handbook systems, upgrades and trouble shooting
260 _aOxford
_bButterworth-Heinemann
_c1995
300 _axxiii, 567 p. : ill.
350 _a0.00
650 _aCOMPUTERS
650 _aIBM-COMPATIBLE COMPUTERS--REPAIRING
650 _aIBM-COMPATIBLE COMPUTERS--UPGRADING
995 _D0.00
_FCBU-MAIN LIBRARY (Kitwe)
_H1
_I20.00
_M1
_UAVAILABLE
_ZMain Library Open Access Collection
999 _c53238
_d53238